| 000 -LEADER |
| fixed length control field |
01219nam a22002417a 4500 |
| 003 - CONTROL NUMBER IDENTIFIER |
| control field |
OSt |
| 005 - DATE AND TIME OF LATEST TRANSACTION |
| control field |
20260515115532.0 |
| 008 - FIXED-LENGTH DATA ELEMENTS--GENERAL INFORMATION |
| fixed length control field |
260515b ||||| |||| 00| 0 eng d |
| 020 ## - INTERNATIONAL STANDARD BOOK NUMBER |
| International Standard Book Number |
9789536090594 |
| 040 ## - CATALOGING SOURCE |
| Original cataloging agency |
BSHUA |
| Language of cataloging |
Shqip |
| 050 ## - LIBRARY OF CONGRESS CALL NUMBER |
| Item number |
78.03(496.51)/Per. |
| 082 ## - DEWEY DECIMAL CLASSIFICATION NUMBER |
| Item number |
78.03(496.51)/Per. |
| 100 ## - MAIN ENTRY--PERSONAL NAME |
| Personal name |
Perkola, (Palokaj) Kristina |
| 245 ## - TITLE STATEMENT |
| Title |
The outlines of a social history of music in Kosovo 1945 to 2020 |
| 260 ## - PUBLICATION, DISTRIBUTION, ETC. (IMPRINT) |
| Place of publication, distribution, etc |
Zagreb: |
| Name of publisher, distributor, etc |
Hrvatsko muzikološko društvo – Croatian Musicological Society, |
| Date of publication, distribution, etc |
2025. |
| 300 ## - PHYSICAL DESCRIPTION |
| Extent |
398 f.; |
| Dimensions |
24 cm. |
| 490 ## - SERIES STATEMENT |
| Series statement |
Muzikologija Bez Granica |
| Volume number/sequential designation |
Br.5 |
| 500 ## - GENERAL NOTE |
| General note |
Urednik - editor : Stanislav Tuksar<br/>Recenzenti - Reviewers - Shane McMahon , Mikaela Minga |
| 653 ## - INDEX TERM--UNCONTROLLED |
| Uncontrolled term |
Muzika shqiptare - Muzika ne Kosove - Muzikologjia - Historia shoqërore e muzikës në Kosovë - Praktikat tradicionale folklorike - |
| -- |
Zhanret moderne popullore - Shoqerite artistike kulturore - Shoqeria "Perparimi" ne Peje - Shoqeria "Agimi" ne Prizren - |
| -- |
Edukimi muzikor - Zhvillimet - Orkestra simfonike - Kori - Filarmonia e Kosoves - Festivalet muzikore - Kompozimet - |
| -- |
Etnomuzikologjia dhe Muzikologjia ne Kosove - |
| -- |
Gjuha angleze |
| 856 ## - ELECTRONIC LOCATION AND ACCESS |
| Link text |
Fulltext |
| 942 ## - ADDED ENTRY ELEMENTS (KOHA) |
| Source of classification or shelving scheme |
|
| Koha item type |
Books |
| 953 ## - Fulltext |
| Is Fulltext Available |
Unavailable |